00245nam a2200097Ia 45000010005000000080041000050820019000461000018000652450036000832600028001191998241024s9999 xx 000 0 und d aRD/923.1/B533l aRobert Berroa 0aLeonel en la hoguera del tiempo bGráfica Williamc2006